Waste management and remediation of polluted sites for sustainable development
Đã lưu trong:
| Formáid: | Leabhar |
|---|---|
| Teanga: | Undetermined |
| Foilsithe: |
Hà Nội
1998
|
| Ábhair: | |
| Clibeanna: |
Cuir Clib Leis
Gan Chlibeanna, Bí ar an gcéad duine leis an taifead seo a chlibeáil!
|
| Thư viện lưu trữ: | Trung tâm Học liệu Trường Đại học Cần Thơ |
|---|
| LEADER | 00561nam a2200169Ia 4500 | ||
|---|---|---|---|
| 001 | CTU_141967 | ||
| 008 | 210402s9999 xx 000 0 und d | ||
| 082 | |a 363.72 | ||
| 082 | |b W323 | ||
| 245 | 0 | |a Waste management and remediation of polluted sites for sustainable development | |
| 245 | 0 | |c Le Trong Cuc, Michael Digregorio edited by | |
| 260 | |a Hà Nội | ||
| 260 | |c 1998 | ||
| 650 | |a Hazardous wastes,Chất thảy nguy hiểm | ||
| 650 | |x Management,Quản lý | ||
| 904 | |i Tuyến | ||
| 980 | |a Trung tâm Học liệu Trường Đại học Cần Thơ | ||